| 000 | 01139nam a2200229 a 4500 | ||
|---|---|---|---|
| 001 | 000261558 | ||
| 003 | AM-YEHGA | ||
| 005 | 20250924100446.0 | ||
| 008 | 030912s1926 tu a 000 0|arm|d | ||
| 040 | _aAM-YEHGA | ||
| 041 | 1 | _aarm | |
| 100 | 0 |
_aԳրիգոր Նարեկացի, _d940-1003 _91557 |
|
| 245 | 1 | 0 |
_aՆարեկ : _bՈղբերգութիւն / _cՍ. Գրիգոր Նարեկացի; Աշխարհաբ. վերած.՝ Գարեգին եպիսկոպոս Տրապիզոն; Առաջաբ.՝ Ֆ.Ու. Մաքալըմ. |
| 260 |
_aԿ. Պոլիս : _bտպ. Յ.Մ. Սէթեան, _c1926. |
||
| 300 |
_aԼԹ, 549 էջ : _bնկ. ; _c16 սմ. |
||
| 500 | _aԻր նարեկամրմունջ հօր Կ. Պոլսեցի Մհտ. Աստուածատուր Խ. Խաչատուրեանի (1829-1914) յիշատակին կը նուիրէ թարգմանիչը | ||
| 504 | _aՏողատ. ծանոթ. | ||
| 650 | 1 | 4 |
_aՀայ գրականություն _xՊոեզիա |
| 700 | 1 |
_aԽաչատուրյան, Գարեգին, _cԱրքեպիսկոպոս, _d1880-1961 _eթարգմ. _4trl _93605 |
|
| 700 | 1 |
_aՄաքալըմ, Ֆ.Ու. _eառաջաբ. _4aui |
|
| 942 |
_2udc _cBK |
||
| 999 |
_c94660 _d94660 |
||